[Event "European Rapid 2022"]
[Site "Katowice POL"]
[Date "2022.12.18"]
[Round "7.40"]
[White "Vedrickas, Tautvydas"]
[Black "Mikhalchishin, Adrian"]
[Result "1/2-1/2"]
[WhiteTitle "FM"]
[BlackTitle "GM"]
[WhiteElo "2358"]
[BlackElo "2455"]
[WhiteFideId "12802654"]
[BlackFideId "14602385"]
[EventDate "2022.12.17"]

1. d4 Nf6 2. c4 e6 3. Nf3 b6 4. a3 Bb7 5. Nc3 d5 6. Bg5 Be7 7. e3 Nbd7 8. Rc1
O-O 9. cxd5 exd5 10. Be2 c5 11. dxc5 bxc5 12. O-O Nb6 13. Qc2 Qc8 14. h3 Rd8 15.
Rfd1 h6 16. Bh4 Qe6 17. Nb5 Rd7 18. b4 a6 19. bxc5 axb5 20. Nd4 Qe4 21. Bxf6
Bxf6 22. Bd3 Qe7 23. cxb6 Bxd4 24. exd4 Ra5 25. Re1 Qf8 26. Qc5 Qd8 27. Bxb5 Ba6
28. a4 Bxb5 29. axb5 Ra8 30. Ra1 Rb8 31. Ra7 Rdb7 32. Rxb7 Rxb7 33. Qc6 Qxb6 34.
Re8+ Kh7 35. Qxd5 Qxb5 36. Qxb5 Rxb5 37. Rd8 Rb1+ 38. Kh2 Rb3 39. g3 h5 40. h4
Kg6 41. Kg2 f6 42. Rd7 Kh6 43. d5 g5 44. Rd6 Kg7 45. hxg5 fxg5 46. Rd8 Rd3 47.
Kf1 h4 48. gxh4 gxh4 49. Kg2 h3+ 50. Kh2 Rf3 51. d6 Kf7 52. Rh8 Rxf2+ 53. Kxh3 1/2-1/2

[Event "European Rapid 2022"]
[Site "Katowice POL"]
[Date "2022.12.18"]
[Round "7.41"]
[White "Marn, Jan"]
[Black "Sebenik, Matej"]
[Result "1/2-1/2"]
[WhiteTitle "FM"]
[BlackTitle "GM"]
[WhiteElo "2332"]
[BlackElo "2538"]
[WhiteFideId "14619245"]
[BlackFideId "14602296"]
[EventDate "2022.12.17"]

1. d4 d5 2. Nf3 e6 3. e3 Nf6 4. Bd3 c5 5. b3 Nc6 6. O-O Bd6 7. Bb2 O-O 8. Nbd2
b6 9. c4 Bb7 10. cxd5 exd5 11. Qe2 Nb4 12. Rfd1 Nxd3 13. Qxd3 Qe7 14. Nf1 a5 15.
dxc5 bxc5 16. Ng3 Bxg3 17. hxg3 Ne4 18. Nd2 Ng5 19. Rac1 Ne6 20. a4 Rfd8 21. Ba3
Ba6 22. Qc2 d4 23. Ne4 dxe3 24. fxe3 Ng5 25. Qxc5 Nh3+ 26. Kh2 Qxe4 27. Kxh3 Bb7
28. Rxd8+ Rxd8 29. Rc2 h5 30. Rf2 Qb1 31. Bc1 Qg6 32. Qc7 Bc8+ 33. Kh2 Re8 34.
Qxa5 Be6 35. Bb2 Bxb3 36. Bd4 Qe6 37. Qg5 Qg4 38. Qb5 Qe6 39. a5 Bd5 40. Qb6 Qe4
41. a6 h4 42. Qc7 h3 43. Qf4 hxg2 44. Qxe4 Bxe4 45. a7 f6 46. Rb2 Kf7 47. Rb8
Ke7 48. Bc5+ Kd7 49. Bd6 Rc8 50. Rxc8 Kxc8 51. Bf8 g6 52. Bg7 f5 53. Bd4 Kb7 54.
Kg1 Kc8 55. Kf2 Kd7 56. Be5 Ke6 57. Bd4 g5 58. Bb6 Kf7 59. g4 1/2-1/2

[Event "European Rapid 2022"]
[Site "Katowice POL"]
[Date "2022.12.18"]
[Round "7.42"]
[White "Tazbir, Marcin"]
[Black "Grabarczyk, Miroslaw"]
[Result "1/2-1/2"]
[WhiteTitle "GM"]
[BlackTitle "GM"]
[WhiteElo "2508"]
[BlackElo "2337"]
[WhiteFideId "1122452"]
[BlackFideId "1101684"]
[EventDate "2022.12.17"]

1. c4 e6 2. g3 Nf6 3. Bg2 d5 4. Nf3 dxc4 5. Qa4+ Nbd7 6. Qxc4 c5 7. O-O b6 8.
Nc3 Bb7 9. a4 a6 10. e4 Be7 11. Rd1 e5 12. d3 O-O 13. Nh4 Nb8 14. Nf5 Nc6 15.
Bg5 Nb4 16. Bxf6 Bxf6 17. a5 g6 18. Ne3 Rc8 19. axb6 Qxb6 20. Bh3 Rc7 21. Ncd5
Nxd5 22. Nxd5 Bxd5 23. exd5 Ra8 24. Bg2 Raa7 25. Rab1 Be7 26. h4 Bd6 27. h5 Qb4
28. Qc1 Qg4 29. hxg6 hxg6 30. Qe3 Kg7 31. Rdc1 Qh5 32. Rc4 Qh6 33. Qe1 Qg5 34.
Qc3 Rab7 35. Qa5 Rb3 36. Qxa6 Qe7 37. Rc3 Rb4 38. Rc4 Ra7 39. Qc8 Rab7 40. Rxb4
Rxb4 41. Qc6 Qd8 42. b3 Rb6 43. Qa4 Qb8 44. Qc4 Rb4 45. Qc2 Qb5 46. Bf3 Rd4 47.
Rd1 Rb4 48. Rb1 Rd4 49. Rd1 1/2-1/2

[Event "European Rapid 2022"]
[Site "Katowice POL"]
[Date "2022.12.18"]
[Round "7.43"]
[White "Klekowski, Maciej"]
[Black "Varvadoukas, Theodoros"]
[Result "1-0"]
[WhiteTitle "GM"]
[WhiteElo "2477"]
[BlackElo "2109"]
[WhiteFideId "1132717"]
[BlackFideId "4210735"]
[EventDate "2022.12.17"]

1. c4 e5 2. Nc3 Nf6 3. g3 Bb4 4. Bg2 O-O 5. Nf3 Bxc3 6. bxc3 d6 7. O-O Re8 8. d3
Na6 9. e4 Nc5 10. Nh4 a6 11. a4 a5 12. f4 Bg4 13. Qc2 exf4 14. Bxf4 Nfd7 15. h3
Bh5 16. Nf5 Bg6 17. g4 Rb8 18. Bg3 Nb6 19. d4 Ncd7 20. Qb3 Kh8 21. Rad1 Qc8 22.
Qb5 f6 23. c5 c6 24. Qb3 Bxf5 25. Rxf5 dxc5 26. dxc5 Na8 27. Bxb8 Nxb8 28. g5
fxg5 29. Qf7 Rg8 30. Bf1 h6 31. Bc4 Re8 32. Rxg5 1-0

[Event "European Rapid 2022"]
[Site "Katowice POL"]
[Date "2022.12.18"]
[Round "7.44"]
[White "Manik, Mikulas"]
[Black "Wisniewski, Michal"]
[Result "1-0"]
[WhiteTitle "GM"]
[BlackTitle "FM"]
[WhiteElo "2359"]
[BlackElo "2168"]
[WhiteFideId "14900734"]
[BlackFideId "1159682"]
[EventDate "2022.12.17"]

1. e4 d5 2. exd5 Qxd5 3. Nc3 Qa5 4. d4 Nf6 5. Nf3 Nc6 6. Bd2 Bg4 7. Nb5 Qb6 8.
c4 Bxf3 9. Qxf3 Nxd4 10. Nxd4 Qxd4 11. Qxb7 Qe4+ 12. Qxe4 Nxe4 13. Be3 e6 14.
Bd3 Nc5 15. Bc2 O-O-O 16. Ke2 a5 17. a3 Nb7 18. b4 axb4 19. axb4 Bxb4 20. Be4 c5
21. Ra8+ Kc7 22. Ra7 Rb8 23. Bf4+ Kb6 24. Bxb8 Rxb8 25. Rxb7+ Rxb7 26. Bxb7 Kxb7
27. Rd1 Kc7 28. Rd3 f5 29. Rg3 g6 30. Rh3 Kd6 31. Rxh7 Ke5 32. Kd3 Be1 33. Ke2
Bc3 34. Kd3 Bd4 35. f3 Kf6 36. h4 e5 37. h5 gxh5 38. Rxh5 Kg6 39. g4 e4+ 40. Ke2
exf3+ 41. Kxf3 fxg4+ 42. Kxg4 Kf6 43. Kf4 Ke6 44. Ke4 Kd6 45. Rh6+ Kc7 46. Kd5
Kb7 47. Rg6 Ka7 48. Kc6 Ka6 49. Rg3 Ka5 50. Rb3 Ka4 51. Rb5 Ka3 52. Kd5 1-0

[Event "European Rapid 2022"]
[Site "Katowice POL"]
[Date "2022.12.18"]
[Round "7.45"]
[White "Paszewski, Mateusz"]
[Black "D'Costa, Lorin"]
[Result "0-1"]
[WhiteTitle "FM"]
[BlackTitle "IM"]
[WhiteElo "2282"]
[BlackElo "2375"]
[WhiteFideId "1141058"]
[BlackFideId "409219"]
[EventDate "2022.12.17"]

1. Nf3 Nf6 2. c4 b6 3. g3 Bb7 4. Bg2 c5 5. O-O g6 6. b3 Bg7 7. Bb2 O-O 8. d4
cxd4 9. Qxd4 d6 10. Rd1 Nbd7 11. Ne1 Bxg2 12. Nxg2 a6 13. Nc3 Rb8 14. Ne3 b5 15.
cxb5 axb5 16. Ncd5 Rb7 17. Rac1 Re8 18. Rc2 Nh5 19. Qd2 Bxb2 20. Rxb2 e6 21. Nb4
d5 22. Rc2 Nhf6 23. Rdc1 Ne4 24. Qd4 Ndf6 25. Rc8 Qd7 26. Rxe8+ Nxe8 27. Ng4 h5
28. Ne5 Qe7 29. Rc8 Nd6 30. Nbc6 Qf6 31. Rd8 Kg7 32. Qc5 Ne4 33. Qe3 N8d6 34. f3
Nf5 35. Qc1 Ng5 36. Qc5 Nh7 37. Nd7 Qa1+ 38. Kg2 Qe1 39. Qf2 Qc3 40. Rc8 Rxd7
41. g4 Ne3+ 42. Kg3 hxg4 43. h3 Nf5+ 44. Kg2 gxf3+ 45. exf3 Qf6 46. Qe2 Qg5+ 47.
Kh2 Qg3+ 48. Kh1 Qxh3+ 49. Kg1 Qg3+ 50. Kh1 Rc7 51. Qb2+ Nf6 0-1

[Event "European Rapid 2022"]
[Site "Katowice POL"]
[Date "2022.12.18"]
[Round "7.46"]
[White "Szpar, Milosz"]
[Black "Stevanic, David"]
[Result "1-0"]
[WhiteTitle "IM"]
[BlackTitle "FM"]
[WhiteElo "2428"]
[BlackElo "2249"]
[WhiteFideId "1184989"]
[BlackFideId "14613921"]
[EventDate "2022.12.17"]

1. e4 e5 2. Nf3 Nc6 3. Bb5 a6 4. Ba4 Nf6 5. O-O Be7 6. d3 b5 7. Bb3 O-O 8. a4 b4
9. Nbd2 d6 10. a5 Rb8 11. h3 h6 12. Nc4 Nd4 13. Nxd4 exd4 14. Re1 d5 15. exd5
Nxd5 16. Ne5 Qd6 17. Bd2 Bg5 18. Bxg5 hxg5 19. Qh5 Bb7 20. Re4 Rbd8 21. Rae1 c5
22. h4 Qh6 23. Qxg5 Qxg5 24. hxg5 g6 25. Ng4 Kg7 26. Re5 Nf4 27. Rxc5 Bxg2 28.
Re7 Rde8 29. Rce5 Rxe7 30. Rxe7 Bd5 31. Bxd5 Nxd5 32. Re4 Nc7 33. Rxd4 Rb8 34.
Rd7 Ne6 35. Ne5 Nxg5 36. f4 Kf6 37. d4 Nh3+ 38. Kg2 Nxf4+ 39. Kf3 Ne6 40. Rxf7+
Kg5 41. d5 Nd4+ 42. Ke4 Nf5 43. Nf3+ Kg4 44. Rf6 Ng3+ 45. Kd3 Rd8 46. Ne5+ Kh5
47. d6 Nf5 48. d7 Ng7 49. Rd6 Nf5 50. Rxa6 g5 51. Rf6 Ne7 52. Rf7 Nd5 53. Rh7# 1-0

[Event "European Rapid 2022"]
[Site "Katowice POL"]
[Date "2022.12.18"]
[Round "7.47"]
[White "Malesevic, Nedeljko"]
[Black "Piesik, Piotr"]
[Result "1-0"]
[WhiteTitle "FM"]
[BlackTitle "IM"]
[WhiteElo "2226"]
[BlackElo "2420"]
[WhiteFideId "1703447"]
[BlackFideId "1136194"]
[EventDate "2022.12.17"]

1. d4 d5 2. Nf3 Nf6 3. c4 e6 4. cxd5 exd5 5. Bg5 c6 6. Qc2 Be7 7. Nc3 h6 8. Bh4
O-O 9. e3 Re8 10. Bd3 a5 11. O-O Na6 12. a3 Nc7 13. Ne5 Ng4 14. Bh7+ Kf8 15. Bg3
Bd6 16. Nxf7 Kxf7 17. Qg6+ Kf8 18. Bxd6+ Re7 19. e4 Be6 20. Bxe7+ Qxe7 21. exd5
cxd5 22. Qd3 Qd7 23. Qg3 Ne8 24. f4 Ngf6 25. Bd3 Nd6 26. Rae1 b5 27. Qe3 Bf7 28.
h3 b4 29. axb4 axb4 30. Ne2 Nc4 31. Bxc4 dxc4 32. Qe5 Bd5 33. f5 Re8 34. Qf4 Qc6
35. Qg3 c3 36. bxc3 Bc4 37. Nf4 Ne4 38. Qg6 Qxg6 39. Nxg6+ Kf7 40. Ne5+ Rxe5 41.
dxe5 Bxf1 42. Rxe4 1-0

[Event "European Rapid 2022"]
[Site "Katowice POL"]
[Date "2022.12.18"]
[Round "7.48"]
[White "Klenburg, Michael"]
[Black "Trybus, Daniel"]
[Result "0-1"]
[WhiteTitle "IM"]
[WhiteElo "2347"]
[BlackElo "2258"]
[WhiteFideId "14102072"]
[BlackFideId "21816131"]
[EventDate "2022.12.17"]

1. Nf3 Nf6 2. g3 g6 3. Bg2 Bg7 4. O-O O-O 5. c4 c6 6. Nc3 d6 7. d3 d5 8. Qc2
dxc4 9. dxc4 Be6 10. b3 Bf5 11. Qb2 Ne4 12. Bd2 Nxd2 13. Nxd2 Qa5 14. b4 Qc7 15.
Rac1 Nd7 16. Qb3 Rfd8 17. e4 Be6 18. Nd5 Qd6 19. c5 Nxc5 20. bxc5 Qd7 21. Nxe7+
Qxe7 22. Qc2 Rd7 23. Nb3 Rad8 24. h3 Bh6 25. Rcd1 Bf8 26. Rc1 Rd3 27. Qb2 R8d7
28. Qa3 a6 29. Qa4 Qg5 30. Qb4 Qh5 31. Kh2 Qe2 32. Na5 Qxa2 33. Rb1 Rd2 34. Kg1
R7d4 35. Qb6 Ra4 36. Nxb7 Bc4 37. Qxc6 Bxf1 38. Rxf1 Rc4 39. e5 Rcc2 40. Qf3 a5
41. Nd6 Rxc5 42. Ne4 Rxe5 43. Nxd2 Qxd2 44. Qa8 Kg7 45. Qb8 Rf5 46. Be4 Rf6 47.
Qe5 Bd6 48. Qd5 Qc3 49. Qd3 Qxd3 50. Bxd3 a4 51. Kg2 a3 52. Bc4 Bc5 53. f4 Rd6
54. Rc1 Rd2+ 55. Kf3 Bd4 56. Ke4 Bf6 57. Ke3 Rh2 58. h4 h5 59. Kf3 a2 60. Bxa2
Rxa2 61. Rd1 Ra3+ 62. Kg2 Be7 63. Rc1 Kf6 64. Rc6+ Kf5 65. Kh3 Bb4 66. Rc1 Bd2
67. Rc5+ Kf6 68. Kg2 Be1 69. Rg5 Kg7 70. f5 Bd2 0-1

[Event "European Rapid 2022"]
[Site "Katowice POL"]
[Date "2022.12.18"]
[Round "7.49"]
[White "Luczak, Filip"]
[Black "Kuzmicz, Krystian"]
[Result "1/2-1/2"]
[WhiteTitle "FM"]
[BlackTitle "IM"]
[WhiteElo "2326"]
[BlackElo "2466"]
[WhiteFideId "1193686"]
[BlackFideId "1119125"]
[EventDate "2022.12.17"]

1. Nf3 g6 2. d4 Bg7 3. e3 c5 4. dxc5 Qa5+ 5. Nbd2 Qxc5 6. a3 Qc7 7. Be2 Nc6 8.
O-O Nf6 9. c4 O-O 10. Rb1 d5 11. cxd5 Nxd5 12. Qc2 Be6 13. Nb3 Rac8 14. Ng5 Bd7
15. Rd1 Qe5 16. f4 Bf5 17. Qd2 Qc7 18. e4 Qb6+ 19. Kf1 Qxb3 20. Qxd5 Qxd5 21.
Rxd5 Be6 22. Nxe6 fxe6 23. Rd7 e5 24. Rxb7 exf4 25. Bd2 Rcd8 26. Bc3 Rb8 27.
Rxb8 Rxb8 28. Rc1 Rb6 29. Bxg7 Kxg7 30. b4 Kf6 31. b5 Na5 32. Rc7 Rb7 33. Rc3
Ke5 34. Kf2 Kd4 35. Rc8 h5 36. h4 Rd7 37. Kf3 e5 38. a4 Rg7 39. Rd8+ Kc3 40. Rd5
Re7 41. Rd6 Nb3 42. Rxg6 Nd2+ 43. Kf2 Nxe4+ 44. Ke1 Nc5 45. a5 e4 46. Rc6 Kd4
47. b6 axb6 48. axb6 f3 49. Rc7 Re6 50. b7 fxg2 51. Kf2 Rb6 52. Kxg2 Nxb7 53.
Bxh5 Nc5 54. Kg3 Rb3+ 55. Kg4 e3 56. Re7 Ne4 57. Kf4 Nf6 58. Bf3 Nd5+ 59. Bxd5
Kxd5 60. Rxe3 Rxe3 61. Kxe3 1/2-1/2

[Event "European Rapid 2022"]
[Site "Katowice POL"]
[Date "2022.12.18"]
[Round "7.50"]
[White "Czernek, Tymon"]
[Black "Gretarsson, Helgi Ass"]
[Result "0-1"]
[WhiteTitle "FM"]
[BlackTitle "GM"]
[WhiteElo "2302"]
[BlackElo "2451"]
[WhiteFideId "1199510"]
[BlackFideId "2300699"]
[EventDate "2022.12.17"]

1. e4 d6 2. d4 Nf6 3. Nc3 g6 4. f4 Bg7 5. Nf3 O-O 6. Be2 c5 7. dxc5 Qa5 8. O-O
Qxc5+ 9. Kh1 Nc6 10. a3 Bg4 11. Qd3 Rfc8 12. Be3 Qa5 13. h3 Bxf3 14. Bxf3 Nh5
15. Kh2 Bxc3 16. bxc3 Nf6 17. g4 Nd8 18. Bd2 Ne6 19. g5 Nc5 20. Qd4 Nfd7 21. Rf2
Qa4 22. Be1 Rc7 23. h4 Qxd4 24. cxd4 Ne6 25. c3 Nxf4 26. Bd2 Nd3 27. Re2 Nb2 28.
Rf1 Nc4 29. Bc1 e5 30. Bg4 Re8 31. Ref2 Ndb6 32. d5 Na4 33. Rf3 Nc5 34. Re1 b5
35. h5 Kf8 36. Kg2 Ke7 37. hxg6 hxg6 38. Rh3 Rf8 39. Bd1 Rcc8 40. Bc2 Rh8 41.
Rh6 Rxh6 42. gxh6 f6 43. Kf3 a5 44. Ke2 Rh8 45. Rg1 Kf7 46. Rf1 Ke7 47. Kf3 g5
48. Rh1 Kf7 49. Kg4 Kg6 50. Rh2 Rxh6 51. Rxh6+ Kxh6 52. Kf5 Kg7 53. Kg4 a4 54.
Kf3 Nb3 55. Be3 Nxa3 0-1

[Event "European Rapid 2022"]
[Site "Katowice POL"]
[Date "2022.12.18"]
[Round "7.51"]
[White "Kyc, Jerzy"]
[Black "Shilov, Sergej"]
[Result "1/2-1/2"]
[BlackTitle "FM"]
[WhiteElo "2230"]
[BlackElo "2047"]
[WhiteFideId "1163922"]
[BlackFideId "14101505"]
[EventDate "2022.12.17"]

1. e4 e5 2. Nf3 Nc6 3. Bb5 a6 4. Ba4 d6 5. c3 f5 6. d4 fxe4 7. Ng5 exd4 8. Nxe4
Nf6 9. Bg5 Be7 10. Bxc6+ bxc6 11. Bxf6 Bxf6 12. cxd4 O-O 13. O-O Rb8 14. Nxf6+
Qxf6 15. Qd2 c5 16. dxc5 Rxb2 17. Qe3 dxc5 18. Qxc5 Rb5 19. Qc4+ Be6 20. Qc6 Bd5
21. Qxf6 Rxf6 22. Nc3 Rc5 23. Nxd5 Rxd5 24. Rac1 Rd2 25. a4 Ra2 26. Rc4 h6 27.
g3 c5 28. h4 Rd6 29. Rxc5 Rxa4 30. Re1 Rf6 31. Re2 Rb4 32. Kg2 Rb5 33. Rc7 Rbf5
34. Ra7 a5 35. Ra2 Rf7 36. R7xa5 Rxa5 37. Rxa5 Rb7 38. f4 Kf7 39. Kh3 Rc7 40.
Kg4 Rb7 41. h5 Rc7 42. Kf5 Rb7 43. Rd5 Ra7 44. g4 Rb7 45. Ke4 Ra7 46. Rd6 Re7+
47. Kf3 Ra7 48. Ke4 Re7+ 49. Kf5 Ra7 50. Rg6 Ra5+ 51. Ke4 Ra4+ 52. Kf3 Ra3+ 53.
Kg2 Rd3 54. f5 Re3 55. Kf2 Re8 56. Kf3 Re1 57. Kf2 Re8 58. Kg3 Re4 59. Kh4 Rf4
60. Kg3 Rf1 61. Kg2 Rf4 62. Kg3 Rf1 63. Re6 Kf8 64. Re3 Kf7 65. Rf3 Ra1 66. Re3
Rf1 67. Rb3 Kf6 68. Rb4 Kf7 69. Kg2 Ra1 70. Rb6 Ra2+ 71. Kg3 Ra3+ 72. Kh4 Rf3
73. Rg6 Rf4 74. Kh3 Rf3+ 75. Kh2 Rf2+ 76. Kg1 Ra2 77. f6 gxf6 78. Rxh6 Rd2 79.
Rh7+ Ke6 80. Rg7 Ke5 81. h6 Kf4 82. h7 Kg3 83. Kf1 Rh2 84. Ke1 Kf3 85. Kd1 Kg3
86. Ke1 Kf3 87. Kd1 Kg3 88. Kc1 Kf3 89. Kb1 Kg3 90. Ka1 Kf3 91. Kb1 Kg3 92. Kc1
Kf3 93. Kd1 Kg3 94. Ke1 Kf3 95. Kd1 Kg3 96. g5 fxg5 97. Rxg5+ Kf4 98. Rg7 Kf5
99. Rg2 Rxh7 1/2-1/2

[Event "European Rapid 2022"]
[Site "Katowice POL"]
[Date "2022.12.18"]
[Round "7.52"]
[White "Haydon, David L"]
[Black "Janeczko, Jakub"]
[Result "0-1"]
[WhiteTitle "FM"]
[WhiteElo "2289"]
[BlackElo "2247"]
[WhiteFideId "415405"]
[BlackFideId "21871655"]
[EventDate "2022.12.17"]

1. Nf3 g6 2. c4 Bg7 3. Nc3 e5 4. d4 exd4 5. Nxd4 Nf6 6. e3 O-O 7. Be2 d5 8. O-O
dxc4 9. Bxc4 c6 10. Qe2 Nbd7 11. Rd1 Qe7 12. h3 Ne5 13. Bb3 a5 14. Na4 Ra6 15.
Qc2 b5 16. Nc5 a4 17. Nxa6 Bxa6 18. Nxc6 Nxc6 19. Qxc6 Bb7 20. Qxb5 axb3 21.
axb3 Qe4 22. f3 Qc2 23. Qd3 Qc8 24. e4 Nh5 25. Be3 Bxb2 26. Ra7 Ba8 27. Qc4 Qb8
28. Rdd7 Qg3 29. Bf2 Qf4 30. b4 Be5 31. Kf1 Qf6 32. b5 Nf4 33. h4 g5 34. hxg5
Qxg5 35. g3 Ne6 36. f4 Bxf4 37. gxf4 Qxf4 38. Qxe6 Qc1+ 39. Kg2 Qg5+ 0-1

[Event "European Rapid 2022"]
[Site "Katowice POL"]
[Date "2022.12.18"]
[Round "7.53"]
[White "Pidluznij, Gleb"]
[Black "Kjartansson, Gudmundur"]
[Result "0-1"]
[BlackTitle "GM"]
[WhiteElo "2159"]
[BlackElo "2453"]
[WhiteFideId "12817082"]
[BlackFideId "2301318"]
[EventDate "2022.12.17"]

1. e4 c5 2. Nf3 d6 3. Bb5+ Nd7 4. O-O a6 5. Bd3 Ngf6 6. Re1 g6 7. c3 Bg7 8. Bc2
O-O 9. d4 e5 10. dxe5 dxe5 11. a4 b6 12. Nbd2 Bb7 13. Qe2 Qc7 14. Bd3 Rfe8 15.
b3 Nf8 16. Nc4 Ne6 17. a5 b5 18. Nb6 Rad8 19. c4 Nd4 20. Nxd4 exd4 21. f3 b4 22.
Qf2 Nd7 23. Nxd7 Rxd7 24. Bd2 Rde7 25. Qh4 Qd7 26. Kf2 Re5 27. Qg3 Rh5 28. Kg1
Bf6 29. Qf2 Rhe5 30. Re2 Qd8 31. Bf4 R5e6 32. Qe1 Bg5 33. Bxg5 Qxg5 34. Qd2 h6
35. Qxg5 hxg5 36. Rae1 Kg7 37. Kf2 Rh8 38. h3 Re5 39. Rd2 Bc8 40. Rde2 Rh4 41.
Bc2 Kf6 42. Bd3 Ke7 43. Bc2 Kd6 44. Bd3 Bd7 45. Bc2 Rh8 46. Bd3 Rhe8 47. Bc2 Rh8
48. Bd3 Ke7 49. Bc2 Kf6 50. Kg3 Kg7 51. Kf2 Rhe8 52. Bd3 Kh6 53. g4 Kg7 54. Bc2
Rh8 55. Kg3 Kf6 56. Bd3 Ke7 57. Bc2 Kd6 58. Bd3 Rhe8 59. Kf2 R5e7 60. Rg1 Ke5
61. Kg3 Rh8 62. Rf1 f6 63. Rfe1 Reh7 64. Rh2 Bc8 65. Ree2 Kd6 66. Re1 Re7 67.
Rhe2 Re5 68. Kg2 Rhe8 69. Kf2 f5 70. Bc2 Bb7 71. exf5 gxf5 72. Bxf5 Rxe2+ 73.
Rxe2 Rxe2+ 74. Kxe2 Ke5 75. Kd2 Kf4 76. Be6 Ke5 77. Bf5 Kd6 78. Ke2 Ke5 79. Kd2
Bxf3 80. Bc8 Kd6 81. Bxa6 Kc7 82. Bb5 Bg2 83. Ke2 Bxh3 84. Kf3 Bf1 85. Ke4 Be2
86. Be8 Bxg4 87. Bg6 Bd1 88. Kd5 g4 89. Kxc5 g3 90. Be4 Bc2 91. Bf3 d3 92. a6 d2
93. a7 d1=Q 94. a8=Q Qd6+ 95. Kb5 Qb6+ 96. Ka4 Bf5 0-1

[Event "European Rapid 2022"]
[Site "Katowice POL"]
[Date "2022.12.18"]
[Round "7.54"]
[White "Kucharska, Honorata"]
[Black "Petrovskyi, Vadym"]
[Result "0-1"]
[WhiteTitle "WFM"]
[BlackTitle "FM"]
[WhiteElo "2180"]
[BlackElo "2402"]
[WhiteFideId "1163868"]
[BlackFideId "14165210"]
[EventDate "2022.12.17"]

1. e4 c5 2. Nf3 d6 3. d4 cxd4 4. Qxd4 Nc6 5. Bb5 Bd7 6. Qd3 Nf6 7. c4 Ne5 8.
Nxe5 dxe5 9. Bxd7+ Qxd7 10. Qe2 e6 11. O-O Qc6 12. Nc3 Be7 13. b3 O-O 14. Bb2
Rfd8 15. Rad1 a6 16. Rfe1 Bc5 17. Na4 Bb4 18. Bc3 Bxc3 19. Nxc3 Qb6 20. h3 h6
21. Qb2 Qc5 22. Na4 Qc7 23. c5 Rxd1 24. Rxd1 Nxe4 25. b4 Nf6 26. Nb6 Re8 27. Nc4
e4 28. Qe5 Qxe5 29. Nxe5 Nd5 30. a3 Kf8 31. Nc4 Re7 32. Nd6 e3 33. fxe3 Nxe3 34.
Rc1 Rc7 35. a4 Ke7 36. b5 axb5 37. Nxb5 Rc6 38. Nd4 Rc8 39. a5 Nf5 40. Nb5 Ra8
41. Ra1 Kd7 42. g4 Ne3 43. Nd6 Kc6 44. Nxf7 Nc4 45. Re1 Kd5 46. g5 Rxa5 47. gxh6
gxh6 48. Nxh6 Rxc5 49. Ng4 e5 50. Nf6+ Ke6 51. Ne4 Rc7 52. h4 Nd6 53. Ng5+ Kf5
54. Kg2 b5 55. Nf3 Ne4 56. Ng5 Nxg5 57. hxg5 Rc5 58. Kf3 Kxg5 59. Ke4 Kf6 60.
Rf1+ Ke6 61. Rh1 Rc4+ 62. Ke3 Kd5 63. Rh8 Kc5 64. Re8 e4 65. Re5+ Kb4 66. Re8
Kb3 67. Rb8 b4 68. Rb7 Kc3 69. Rb8 b3 70. Rb5 Kc2 71. Rb6 b2 0-1

[Event "European Rapid 2022"]
[Site "Katowice POL"]
[Date "2022.12.18"]
[Round "7.55"]
[White "Pacuszka, Tomasz"]
[Black "Karolczuk, Iwo"]
[Result "0-1"]
[WhiteTitle "FM"]
[BlackTitle "FM"]
[WhiteElo "2186"]
[BlackElo "2327"]
[WhiteFideId "1119036"]
[BlackFideId "21816972"]
[EventDate "2022.12.17"]

1. e4 c5 2. Nf3 d6 3. Bb5+ Nd7 4. c4 Nf6 5. Nc3 g6 6. O-O Bg7 7. d3 O-O 8. Ba4
a6 9. h3 Rb8 10. Bg5 h6 11. Be3 e5 12. a3 Nh5 13. Qc1 Kh7 14. Bd1 b6 15. Nd5
Ndf6 16. Rb1 Nxd5 17. cxd5 Qe8 18. Nd2 b5 19. Bxh5 gxh5 20. b4 f5 21. f3 cxb4
22. axb4 Qg6 23. Kh2 Rf7 24. Nb3 Bf6 25. Na5 Bd7 26. Qe1 Rg8 27. Rg1 Rfg7 28.
Rb2 Bg5 29. Bf2 Rc8 30. Ra2 Rc1 31. Qe2 Bf4+ 32. g3 Rxg1 33. Kxg1 Bxg3 34. Kf1
fxe4 35. dxe4 Bxh3+ 36. Ke1 Bxf2+ 37. Qxf2 Qg1+ 0-1

[Event "European Rapid 2022"]
[Site "Katowice POL"]
[Date "2022.12.18"]
[Round "7.56"]
[White "Dobrovoljc, Vid"]
[Black "Baliasnyj, Timur"]
[Result "1-0"]
[WhiteTitle "FM"]
[WhiteElo "2384"]
[BlackElo "2197"]
[WhiteFideId "14609843"]
[BlackFideId "12802719"]
[EventDate "2022.12.17"]

1. d4 Nf6 2. Bf4 c5 3. d5 Qb6 4. Nc3 Qxb2 5. Bd2 Qb6 6. Rb1 Qd8 7. e4 d6 8. f4
a6 9. a4 g6 10. Nf3 Bg7 11. Bc4 O-O 12. O-O b5 13. axb5 axb5 14. Bxb5 Ba6 15.
Qe2 Bxb5 16. Nxb5 Re8 17. Qd3 Ra4 18. c4 Nfd7 19. Rbc1 Na6 20. Qb3 Nb6 21. e5
Nb4 22. Rfe1 Rf8 23. Ra1 Rxa1 24. Rxa1 Qb8 25. Bxb4 cxb4 26. Nbd4 dxe5 27. fxe5
Nd7 28. Nc6 Qb6+ 29. Kh1 e6 30. Re1 Re8 31. Qa4 exd5 32. Nxb4 Rxe5 33. Nxe5 Nxe5
34. Qe8+ Bf8 35. Nxd5 1-0

[Event "European Rapid 2022"]
[Site "Katowice POL"]
[Date "2022.12.18"]
[Round "7.57"]
[White "Niezhentsev, Kyrylo"]
[Black "Paehtz, Thomas"]
[Result "1-0"]
[BlackTitle "GM"]
[WhiteElo "2052"]
[BlackElo "2339"]
[WhiteFideId "34126660"]
[BlackFideId "4611349"]
[EventDate "2022.12.17"]

1. e4 Nc6 2. Nf3 e5 3. Bc4 Nf6 4. d3 Be7 5. Qe2 d6 6. c3 O-O 7. Bb3 a5 8. a4 Nd7
9. d4 exd4 10. cxd4 Nb4 11. Nc3 b6 12. O-O c6 13. Bc4 Bb7 14. Bf4 d5 15. exd5
cxd5 16. Bb5 Nf6 17. Ne5 Bd6 18. Rac1 Ba6 19. Bxa6 Rxa6 20. Nc6 Nxc6 21. Bxd6
Qxd6 22. Qxa6 Ng4 23. g3 Nxd4 24. Qd3 Qh6 25. h4 Nf5 26. Qxf5 1-0

[Event "European Rapid 2022"]
[Site "Katowice POL"]
[Date "2022.12.18"]
[Round "7.58"]
[White "Plaskan, Jure"]
[Black "Chiszko, Oskar"]
[Result "1-0"]
[WhiteElo "2241"]
[BlackElo "1657"]
[WhiteFideId "14605252"]
[BlackFideId "21894353"]
[EventDate "2022.12.17"]

1. e4 c5 2. Nf3 d6 3. d4 cxd4 4. Nxd4 Nf6 5. f3 g6 6. c4 Bg7 7. Be3 Nc6 8. Qd2
Bd7 9. Nc3 Rc8 10. Rc1 O-O 11. Be2 a6 12. O-O Ne5 13. b3 Kh8 14. Rfd1 Bc6 15.
Bf1 h5 16. Qf2 Qd7 17. c5 Ne8 18. Nxc6 Rxc6 19. b4 b5 20. a4 bxa4 21. b5 axb5
22. Bxb5 Qb7 23. Bxc6 Nxc6 24. Nxa4 Ne5 25. Nb6 dxc5 26. Bxc5 Nd6 27. Nd5 Rd8
28. Bb6 Rd7 29. Qc5 Kh7 30. Ra1 Nd3 31. Rxd3 Bxa1 32. Ra3 Bd4+ 33. Qxd4 Nb5 34.
Qe5 Rxd5 35. exd5 Nxa3 36. Bd4 f6 37. Qe6 Qb1+ 38. Kf2 Qc2+ 39. Kg3 Qc7+ 40. Kh3
Kg7 41. d6 Qxd6 42. Bxf6+ Kf8 43. Qc8+ Kf7 44. Bb2 Nb1 45. Qc2 Nd2 46. Qc3 e5
47. Qxe5 Qxe5 48. Bxe5 Nc4 49. Bc7 Ne3 50. Kg3 Nf1+ 51. Kf2 Nd2 52. Ke2 Nb1 53.
Kd3 Ke6 54. Bb6 Na3 55. g3 Nb5 56. Bc5 Nc7 57. Ke4 Nd5 58. h3 g5 59. Be3 Nf6+
60. Kd4 Kf5 61. Bf2 g4 62. fxg4+ hxg4 63. h4 Ne4 64. Be1 Nf6 65. Ba5 Nh5 66. Bc7
Nf6 67. Bf4 Nh5 68. Be5 Kg6 69. Ke4 Kh6 70. Kf5 Nxg3+ 71. Bxg3 Kh5 72. Kf4 Kh6
73. Kxg4 Kg6 74. h5+ Kh6 75. Kh4 Kh7 76. Kg5 Kg7 77. h6+ Kh7 78. Kh5 Kh8 79. Kg6
Kg8 80. h7+ Kh8 81. Be5# 1-0